Запготьна к’öрде суриане поэзиа : (Record no. 113644)
[ view plain ]
| 000 -LEADER | |
|---|---|
| fixed length control field | 01171nam a2200253 a 4500 |
| 001 - CONTROL NUMBER | |
| control field | 000307963 |
| 003 - CONTROL NUMBER IDENTIFIER | |
| control field | AM-YeHGA |
| 005 - DATE AND TIME OF LATEST TRANSACTION | |
| control field | 20250618071954.0 |
| 008 - FIXED-LENGTH DATA ELEMENTS--GENERAL INFORMATION | |
| fixed length control field | 040212s1985 ai ||||gr|||||||||0|kur|d |
| 040 ## - CATALOGING SOURCE | |
| Original cataloging agency | AM-YeHGA |
| 041 0# - LANGUAGE CODE | |
| Language code of text/sound track or separate title | kur |
| 090 ## - LOCALLY ASSIGNED LC-TYPE CALL NUMBER (OCLC); LOCAL CALL NUMBER (RLIN) | |
| -- | 114983 |
| 245 00 - TITLE STATEMENT | |
| Title | Запготьна к’öрде суриане поэзиа : |
| Remainder of title | Поэзиа / |
| Statement of responsibility, etc. | ՀՍՍՀ ԳԱ. Արևելագիտ. ին-տ; Գրառեց, կազմ. և ծանոթագր.՝ Ջ. Ջալիլ. |
| 246 15 - VARYING FORM OF TITLE | |
| Title proper/short title | Սիրիայի քրդերի բանահյուսություն |
| 246 15 - VARYING FORM OF TITLE | |
| Title proper/short title | Фольклор курдов Сирии |
| 260 ## - PUBLICATION, DISTRIBUTION, ETC. | |
| Place of publication, distribution, etc. | Երևան : |
| Name of publisher, distributor, etc. | Հայկական ՍՍՀ ԳԱ հրատ, |
| Date of publication, distribution, etc. | 1985. |
| 300 ## - PHYSICAL DESCRIPTION | |
| Extent | 340 էջ |
| 546 ## - LANGUAGE NOTE | |
| Language note | Կազմ. վրա և տեքստը քրդերեն լեզվ. |
| 650 14 - SUBJECT ADDED ENTRY--TOPICAL TERM | |
| Topical term or geographic name entry element | Քրդական գրականություն |
| 9 (RLIN) | 733 |
| 700 1# - ADDED ENTRY--PERSONAL NAME | |
| Personal name | Ջալիլե Ջալիլ Ջասըմի |
| Relator term | կազմ. |
| Relationship | com |
| 710 2# - ADDED ENTRY--CORPORATE NAME | |
| Corporate name or jurisdiction name as entry element | ՀՀ գիտությունների ազգային ակադեմիա : |
| Subordinate unit | Արևելագիտության ինստիտուտ |
| 9 (RLIN) | 8626 |
| 856 4# - ELECTRONIC LOCATION AND ACCESS | |
| Uniform Resource Identifier | <a href="https://arar.sci.am/dlibra/publication/372557/edition/342828/content">https://arar.sci.am/dlibra/publication/372557/edition/342828/content</a> |
| Link text | Կարդալ առցանց |
| 942 ## - ADDED ENTRY ELEMENTS (KOHA) | |
| Source of classification or shelving scheme | Universal Decimal Classification |
| Koha item type | Գրքեր / Books |
| Withdrawn status | Lost status | Source of classification or shelving scheme | Damaged status | Not for loan | Collection | Home library | Current library | Date acquired | Total checkouts | Full call number | Barcode | Date last seen | Price effective from | Koha item type | Public note |
|---|---|---|---|---|---|---|---|---|---|---|---|---|---|---|---|
| Universal Decimal Classification | General | Fundamental Scientific Library | Fundamental Scientific Library | 22/12/2016 | AII/72467 | 220072467 | 22/12/2016 | 22/12/2016 | Գրքեր / Books | 30 Days Loan | |||||
| Universal Decimal Classification | General | Fundamental Scientific Library | Fundamental Scientific Library | 22/12/2016 | AII/110917 | FL0151356 | 22/12/2016 | 22/12/2016 | Գրքեր / Books | 30 Days Loan | |||||
| Universal Decimal Classification | General | Fundamental Scientific Library | Fundamental Scientific Library | 22/12/2016 | AII/110918 | FL0151357 | 22/12/2016 | 22/12/2016 | Գրքեր / Books | 30 Days Loan | |||||
| Universal Decimal Classification | General | Fundamental Scientific Library | Fundamental Scientific Library | 22/12/2016 | AII/110919 | FL0151358 | 22/12/2016 | 22/12/2016 | Գրքեր / Books | 30 Days Loan |
ՀՀ Գիտությունների ազգային ակադեմիայի հիմնարար գիտական գրադարան = Fundamental Scientific Library of NAS RA
All site content, except where otherwise noted, is licensed under a